000 00368 a2200157 4500
001 46441
020 _a9781571683472
040 _cAnchieta - Aquarius
100 _aJackson, Sarah
240 1 0 _aA Child´s History of Texas
_lpor
245 1 0 _aA Child´s History of Texas
300 _a
362 0 _a1999
650 4 _aLiteratura infantil em inglês
942 _cBK
999 _c46441
_d46441